| 000 | 00706pam a2200229 a 4500 | ||
|---|---|---|---|
| 020 | _a0834802481 : | ||
| 040 | _cDLC | ||
| 082 | 0 | 0 | _a895 WEA 1992 A092 Or. |
| 245 | 0 | 2 |
_aA Haiku menagerie : _bliving creatures in poems and prints / |
| 250 | _a1st ed. | ||
| 260 |
_aNew York : _bWeatherhill, _c1992. |
||
| 300 |
_a115 p. : _bill. (some col.) ; _c21 cm. |
||
| 500 | _aEnglish and Japanese. | ||
| 650 | 0 | _aHaiku | |
| 650 | 0 | _aAnimals | |
| 700 | 1 | _aAddiss, Stephen, | |
| 700 | 1 | _aYamamoto, Fumiko Y. | |
| 700 | 1 | _aYamamoto, Akira Y. | |
| 856 | 4 | 2 | _uhttp://www.loc.gov/catdir/enhancements/fy0664/92018921-b.html |
| 856 | 4 | 2 | _uhttp://www.loc.gov/catdir/enhancements/fy0664/92018921-d.html |
| 942 | _cEK | ||
| 999 |
_c11768 _d11768 |
||